000 00349nam a2200133Ia 4500
008 240624s9999 xx 000 0 und d
041 _aeng
082 _a600 JAM
100 _aJAMES TOM
245 _aDEEP SPACE COMMODITIES EXPLORATION PRODU
260 _c2018
_aSwitzerland
_bPalgrave Macmillan
300 _axi, 203 p.; 23 cm.
365 _cERU
_b31
999 _c31971
_d31971